| 000 | 00979cam a2200265 4500 | ||
|---|---|---|---|
| 001 | L129009 | ||
| 008 | 000000n2005 000 0 eng u | ||
| 020 | _a1904829201 | ||
| 035 | _a(Sirsi) u129009 | ||
| 041 | _aeng | ||
| 050 |
_a690.23 _c18 |
||
| 110 |
_aBuilding Cost Information Service _91096 |
||
| 245 |
_aGuide to house rebuilding costs _bregional supplement 2005 |
||
| 250 | _a12th ed. | ||
| 260 |
_aLondon _bRICS _c2005 |
||
| 300 | _a64p. ; 30cm | ||
| 350 | _a£70.00 | ||
| 520 | _aSupplement to the "Guide to house rebuilding costs 2005" (ISBN 1904829198) which provides regional rebuilding cost tables by gross external and gross internal floor area. Also includes a table of regional, county and local factors. | ||
| 650 | _aHOUSE REBUILDING COSTS | ||
| 650 | _aINSURANCE COSTS | ||
| 650 | _aBUILT ENVIRONMENT-BUILDING COSTS-REINSTATEMENT COSTS | ||
| 650 | _aREINSTATEMENT COST ASSESSMENT | ||
| 690 | _aBUILT ENVIRONMENT-BUILDING COSTS | ||
| 942 | _n0 | ||
| 999 |
_c104082 _d104082 |
||